Science Quiz

Random Science or Elements Quiz

Greater Than Gold? Quiz Stats

 Plays Quiz Updated Oct 8, 2017

Challenge
Share
Tweet
Embed
Score 0/15 Timer 03:00
9 Plays Today
% Correct
Mendelevium
81.3%
Rutherfordium
81%
Californium
80%
Moscovium
78.5%
Protactinium
75.6%
Uranium
75.3%
Polonium
69.3%
Oganesson
67.3%
% Correct
Francium
65.8%
Bohrium
57.8%
Radium
57.5%
Lead
46.1%
Mercury
44.8%
Astatine
43.9%
Bismuth
43.8%

You're not logged in!

Compare scores with friends on all Sporcle quizzes.
OR
Log In

You Might Also Like...

Show Comments

Extras

Top Quizzes Today


Score Distribution

Your Account Isn't Verified!

In order to create a playlist on Sporcle, you need to verify the email address you used during registration. Go to your Sporcle Settings to finish the process.

Report this User

Report this user for behavior that violates our Community Guidelines.

Details: